000
00353nam a2200145Ia 4500
005
20250603145421.0
008
250603s9999 xx 000 0 und d
020
_a
978195183673
050
_a
HF 5667 .T87/
100
_a
Turner, Bruce R
245
0
_a
New Auditor’s Guide to Internal Auditing
260
_c
2023
300
_a
xxi, ill.
942
_c
BK
999
_c
41799
_d
41799